000 00615nam a2200181Ia 4500
003 GCL
008 140319s9999 xx 000 0 ara d
020 _a7018133977
040 _aGCL /
_cGCL
082 0 4 _aق
_b962.074
_bع ح
100 1 _aعبدالعظيم رمضان
245 1 0 _aحرب اكتوبر فى محكمة التاريخ /
_cعبدالعظيم رمضان
260 _aالقاهرة :
_bمكتبة مدبولى ،
_c1984
300 _a173 ص ؛
_c22 سم
650 0 4 _aحرب اكتوبر 1973 - مصر
650 0 4 _aحرب اكتوبر 1973 - العمليات الحربية
942 _2ddc
_cBK
999 _c39116
_d39116